الحديث الموضوعي : (Record no. 120626)

MARC details
000 -الفاتح
عناصر البيانات ثابتة الطول 00947cam a2200229 i 4500
005 - تاريخ ووقت آخر معاملة
حقل ضبط 20251202105004.0
008 - عناصر البيانات ثابتة الطول
عناصر البيانات ثابتة الطول 250721s2010 jo gr 000 0 ara d
020 ## - الترقيم الدولي المعياري للكتب (ردمك)
الترقيم الدولي المعياري للكتب (ردمك) 9789957507176
082 14 - رقم تصنيف ديوي العشري
رقم التصنيف 213.1
رقم المادة ش ر م
100 1# - مدخل رئيسي – اسم شخصي
الاسم الشخصي الشرمان، خالد محمد محمود
علاقة الشخص بالعمل/ دوره معد.
245 12 - بيان العنوان
العنوان الحديث الموضوعي :
بقية العنوان "دراسة تأصيلية تطبيقية " /
بيان المسؤولية اعداد خالد محمد محمود الشرمان ؛ اشرف الاستاذ الدكتور محمد العمري.
250 ## - بيان الطبعة
بيان الطبعة الطبعه الاولى.
264 31 - بيانات النشر، التوزيع…إلخ
مكان النشر، التوزيع...إلخ عمان :
اسم الناشر، الموزع...إلخ دار الفرقان للنشر و التوزيع،
تاريخ النشر، التوزيع...إلخ 2010.
300 ## - الوصف المادي
عدد الوحدات المكونة للوعاء 352صفجة.
500 ## - ملاحظات عامة
ملاحظات عامة أصل الكتاب رسالة دكتوراة
650 17 - مدخل إضافي بالموضوع - مصطلح موضوعي
مصطلح موضوعي أو اسم جغرافي كعنصر مدخل الاسلام.
650 17 - مدخل إضافي بالموضوع - مصطلح موضوعي
مصطلح موضوعي أو اسم جغرافي كعنصر مدخل الحديث الشريف.
650 17 - مدخل إضافي بالموضوع - مصطلح موضوعي
مصطلح موضوعي أو اسم جغرافي كعنصر مدخل الحديث الموضوع.
700 1# - مدخل إضافي - اسم شخصي
الاسم الشخصي العمري، محمد
علاقة الشخص بالعمل/ دوره مشرف
942 ## - بيانات إضافية (كوها)
نوع التنصيف Dewey Decimal Classification
نوع المادة (كوها) Books
Holdings
حالة السحب حالة الفقدان مصدر التصنيف حالة التلف غير قابل للإعارة المكتبة الرئيسية المكتبة الحالية موقع الرف تاريخ التزويد الرقم المتسلسل Total Checkouts رقم الإستدعاء الباركود تاريخ آخر ظهور تاريخ الفاتورة نوع المادة (كوها)
    Dewey Decimal Classification     المكتبة المركزية المكتبة المركزية الإعارة 28/07/2025 1388507   213.1 / ش ر م PLD00153264 28/07/2025 28/07/2025 Books
    Dewey Decimal Classification     المكتبة المركزية المكتبة المركزية مقتنيات قسم التزويد 28/07/2025 1388509   213.1/شرم   28/07/2025 28/07/2025 Books
    Dewey Decimal Classification     المكتبة المركزية المكتبة المركزية مقتنيات قسم التزويد 28/07/2025 1388510   213.1/شرم   28/07/2025 28/07/2025 Books
    Dewey Decimal Classification     المكتبة المركزية المكتبة المركزية مقتنيات قسم التزويد 28/07/2025 1388511   213.1/شرم   28/07/2025 28/07/2025 Books
    Dewey Decimal Classification     المكتبة المركزية المكتبة المركزية مقتنيات قسم التزويد 28/07/2025 1480835   213.1/شرم   28/07/2025 28/07/2025 Books
    Dewey Decimal Classification     مكتبة أبو علندا العامة مكتبة أبو علندا العامة الإعارة 20/06/2010 1388514   213.1/شرم PLD00153540 28/07/2025 20/06/2010 Books
    Dewey Decimal Classification     مكتبة الأميرة ايمان العامة مكتبة الأميرة ايمان العامة الإعارة 20/06/2010 1388515   213.1/شرم PLD00153541 28/07/2025 20/06/2010 Books
    Dewey Decimal Classification     مكتبة الاميرة بديعة مكتبة الاميرة بديعة الإعارة 20/06/2010 1388516   213.1/شرم PLD00153542 28/07/2025 20/06/2010 Books
    Dewey Decimal Classification     مكتبة الجويدة مكتبة الجويدة الإعارة 20/06/2010 1388517   213.1/شرم PLD00153543 28/07/2025 20/06/2010 Books
    Dewey Decimal Classification     مكتبة النصر العامة مكتبة النصر العامة الإعارة 20/06/2010 1388519   213.1/شرم PLD00153545 28/07/2025 20/06/2010 Books
    Dewey Decimal Classification     مكتبة حمزة العامة مكتبة حمزة العامة الإعارة 20/06/2010 1388523   213.1/شرم PLD00153549 28/07/2025 20/06/2010 Books
    Dewey Decimal Classification     مكتبة وادي السير العامة مكتبة وادي السير العامة الإعارة 20/06/2010 1388524   213.1/شرم PLD00153550 28/07/2025 20/06/2010 Books
Implemented & Customized by: BBB with SCIT (Smart Chains for Information Technology)

Powered by Koha